| 000 | 00375cam a2200145ua 4500 | ||
|---|---|---|---|
| 041 |
_aeng _h |
||
| 082 |
_a823.308 _bDIC/CH |
||
| 100 | _aDickens, Charles. | ||
| 245 |
_aChristmas carol and the cricket on the hearth / _cCharles Dickens. _hTextual Documents |
||
| 260 |
_aLondon : _bLongman , _c1962. |
||
| 300 | _a103 ; . | ||
| 504 | _a | ||
| 942 | _cBK | ||
| 999 |
_c4153 _d4153 |
||